| 000 | 00356nam a22001337a 4500 | ||
|---|---|---|---|
| 008 | 250721b |||||||| |||| 00| 0 eng d | ||
| 020 | _a9783183109 | ||
| 050 |
_aHD31 _b.U46 |
||
| 100 | _aUMOREH Ezekiel | ||
| 245 | _aCentral Management Strategy Policy & Decision Making | ||
| 260 |
_aNigeria _bEhindero Nig. Ltd. _c1992 |
||
| 300 | _axii, 314p. | ||
| 942 | _cBK | ||
| 999 |
_c4360 _d4360 |
||